000 00263nam a22001097a 4500
008 170120b xxu||||| |||| 00| 0 eng d
020 _a9780534607951
041 _aeng
080 _27TH
_a618.2
245 _aPROCESS AND PRACTICE GROUP
_cSCOREY. M.S
942 _2udc
_cBK
999 _c3319
_d3319